Nuevas interpretaciones del Libro de Buen Amor
Shranjeno v:
| Format: | Knjiga |
|---|---|
| Jezik: | španščina |
| Izdano: |
Santiago
Universidad Católica de Chile
1979
|
| Serija: | Documento de estudio, 19
|
| Teme: | |
| Oznake: |
Označite
Brez oznak, prvi označite!
|
MARC
| LEADER | 00000nam a2200000 a 4500 | ||
|---|---|---|---|
| 001 | UCY2699 | ||
| 003 | CL-VaPUC | ||
| 008 | 941111e19790000CL |||||||||||||||||spa|d | ||
| 082 | 0 | 4 | |a 861.09 |b NUE |2 21 |
| 245 | 1 | 0 | |a Nuevas interpretaciones del Libro de Buen Amor |
| 300 | |a 56 p | ||
| 942 | |c BK | ||
| 945 | |d 19941111 00:00:00 |a rbrito | ||
| 260 | |a Santiago |b Universidad Católica de Chile |c 1979 | ||
| 600 | 0 | 7 | |a RUIZ, JUAN |2 CL-VaPUC |9 321708 |
| 650 | 0 | |a Poesías españolas |9 265100 | |
| 650 | 7 | |a INTERPRETACION Y CRITICA |2 CL-VaPUC |9 330772 | |
| 650 | 0 | |a Análisis literario |9 318386 | |
| 650 | 0 | |a Literatura española |9 306261 | |
| 583 | |a last modification |c 19941111 00:00:00 |k Rodrigo Vera | ||
| 490 | 0 | |a Documento de estudio, 19 | |
| 999 | |c 231038 |d 231036 | ||
| 952 | |0 0 |1 0 |4 0 |6 861_090000000000000_NUE_1979 |7 0 |8 A |9 233818 |a BIBEDU |b BIBEDU |d 2019-11-15 |i 303187K |o 861.09 NUE 1979 |p 303187K |r 2019-11-15 |w 2019-11-15 |y BK |k LIT | ||